000 nam a22 7a 4500
999 _c8007
_d8007
008 171121b xxu||||| |||| 00| 0 eng d
100 _aDickens.C.
_94461
245 _a A Tale of TWo Cities
260 _bOrient
_c2001